Rising in the West : (Record no. 5511)
[ view plain ]
| 000 -LEADER | |
|---|---|
| fixed length control field | 01071pam a2200325 a 4500 |
| 001 - CONTROL NUMBER | |
| control field | 27897772 |
| 003 - CONTROL NUMBER IDENTIFIER | |
| control field | OCoLC |
| 005 - DATE AND TIME OF LATEST TRANSACTION | |
| control field | 20190104164924.0 |
| 008 - FIXED-LENGTH DATA ELEMENTS--GENERAL INFORMATION | |
| fixed length control field | 930323r19931992nyua b 000 0ceng |
| 010 ## - LIBRARY OF CONGRESS CONTROL NUMBER | |
| LC control number | 93013115 |
| 020 ## - INTERNATIONAL STANDARD BOOK NUMBER | |
| International Standard Book Number | 0679745939 : |
| 040 ## - CATALOGING SOURCE | |
| Original cataloging agency | DLC |
| Transcribing agency | DLC |
| Modifying agency | ONU |
| 043 ## - GEOGRAPHIC AREA CODE | |
| Geographic area code | n-us--- |
| -- | n-us-ok |
| -- | n-us-ca |
| 049 ## - LOCAL HOLDINGS (OCLC) | |
| Holding library | ONUU |
| 082 ## - DEWEY DECIMAL CLASSIFICATION NUMBER | |
| Classification number | 979 |
| Item number | M847R |
| 100 1# - MAIN ENTRY--PERSONAL NAME | |
| Personal name | Morgan, Dan, |
| Dates associated with a name | 1937- |
| 245 10 - TITLE STATEMENT | |
| Title | Rising in the West : |
| Remainder of title | the true story of an "Okie" family in search of the American dream / |
| Statement of responsibility, etc. | Dan Morgan |
| 250 ## - EDITION STATEMENT | |
| Edition statement | 1st Vintage Books ed |
| 260 ## - PUBLICATION, DISTRIBUTION, ETC. | |
| Place of publication, distribution, etc. | New York : |
| Name of publisher, distributor, etc. | Vintage Books, |
| Date of publication, distribution, etc. | 1993 |
| 300 ## - PHYSICAL DESCRIPTION | |
| Extent | xx, 522 p. : |
| Other physical details | ill. ; |
| Dimensions | 21 cm |
| 504 ## - BIBLIOGRAPHY, ETC. NOTE | |
| Bibliography, etc. note | Includes bibliographical references |
| 600 30 - SUBJECT ADDED ENTRY--PERSONAL NAME | |
| Personal name | Tatum family |
| 650 #0 - SUBJECT ADDED ENTRY--TOPICAL TERM | |
| Topical term or geographic name entry element | Migration, Internal |
| Geographic subdivision | United States |
| General subdivision | History |
| Chronological subdivision | 20th century |
| 650 #0 - SUBJECT ADDED ENTRY--TOPICAL TERM | |
| Topical term or geographic name entry element | Rural families |
| Geographic subdivision | United States |
| General subdivision | History |
| Chronological subdivision | 20th century |
| 651 #0 - SUBJECT ADDED ENTRY--GEOGRAPHIC NAME | |
| Geographic name | United States |
| General subdivision | Social conditions |
| Chronological subdivision | 1933-1945 |
| 651 #0 - SUBJECT ADDED ENTRY--GEOGRAPHIC NAME | |
| Geographic name | United States |
| General subdivision | Social conditions |
| Chronological subdivision | 1945- |
| 651 #0 - SUBJECT ADDED ENTRY--GEOGRAPHIC NAME | |
| Geographic name | Oklahoma |
| Form subdivision | Biography |
| 651 #0 - SUBJECT ADDED ENTRY--GEOGRAPHIC NAME | |
| Geographic name | California |
| Form subdivision | Biography |
| 942 ## - ADDED ENTRY ELEMENTS (KOHA) | |
| Source of classification or shelving scheme | Dewey Decimal Classification |
| Koha item type | Books |
| Withdrawn status | Lost status | Source of classification or shelving scheme | Damaged status | Not for loan | Collection code | Home library | Current library | Shelving location | Date acquired | Cost, normal purchase price | Total Checkouts | Full call number | Barcode | Date last seen | Price effective from | Koha item type |
|---|---|---|---|---|---|---|---|---|---|---|---|---|---|---|---|---|
| Dewey Decimal Classification | Non-fiction | Harvest Mission College | Harvest Mission College | General Stacks | 04.01.2019 | 850.00 | 979 M847R | 006280 | 04.01.2019 | 04.01.2019 | Books |
